Most Streamed Future Songs - Statistics

General Stats
  • This quiz has been taken 248 times
    101 since last reset
  • The average score is 8 of 20
Answer Stats
# Streams Answer % Correct
1 1,891,664,106 Mask Off
92%
2 1,341,532,163 Life Is Good
75%
9 808,624,474 Like That
70%
16 584,471,606 Type Shit
66%
3 1,143,928,831 Low Life
62%
5 1,097,725,542 WAIT FOR U
61%
12 637,018,473 Solo
59%
8 859,754,970 Jumpman
48%
7 919,499,443 Superhero (Heroes & Villains)
48%
6 996,289,077 Too Many Nights
36%
4 1,117,666,253 Love Me
28%
15 621,152,560 Way 2 Sexy
28%
19 553,073,927 PUFFIN ON ZOOTIEZ
26%
14 623,556,988 X
16%
10 797,359,536 Cold
15%
17 576,662,466 Loveeeeeee Song
15%
18 574,434,119 End Game
13%
11 651,697,249 King's Dead
13%
20 521,571,420 Fine China
11%
13 627,366,378 Everyday
10%
No matching quizzes found
Score Distribution
Percent of People with Each Score
Percentile by Number Answered
Your Score History
You have not taken this quiz since the last reset